| 000 -ლიდერი |
| ფიქსირებული სიგრძის საკონტროლო ველი |
01622nam a22002537a 4500 |
| 003 - საკონტროლო ნომრის იდენტიფიკატორი |
| საკონტროლო ველი |
Ge_BSU |
| 005 - ბოლო ოპერაციის თარიღი და დრო |
| საკონტროლო ველი |
20240711103050.0 |
| 008 - ფიქსირებული სიგრძის მონაცემთა ელემენტები - ზოგადი ინფორმაცია |
| ფიქსირებული სიგრძის საკონტროლო ველი |
240711s2021 ge ||||| |||| 00| 0 geo d |
| 020 ## - წიგნის საერთაშორისო სტანდარტული ნომერი |
| International Standard Book Number |
9789941258527 |
| 041 ## - ენის კოდი |
| Language code of text/sound track or separate title |
geo |
| 080 ## - უნივერსალური ათობითი კლასიფიკაციის ინდექსი |
| Universal Decimal Classification number |
61(038)ს-22 |
| 245 ## - ცნობა სათაურის შესახებ |
| Title |
სამედიცინო ტერმინთა და ცნებათა განმარტებითი ლექსიკონი / |
| Statement of responsibility, etc |
თინათინ გოგიჩაძე, ეკატერინე მისაბიშვილი, ეკატერინე მჭედლიშვილი, გიორგი გოგიჩაძე ; რედაქტორი ნოდარ ჭიჭინაძე. |
| 264 ## - წარმოების, გამოცემის, დისტრიბუციის და სხვა ცნობები |
| გამოცემის, წარმოების, დისტრიბუციის... ადგილი |
თბილისი : |
| გამოცემის, წარმოების, დისტრიბუციის... სახელწოდება |
მერიდიანი, |
| გამოცემის, წარმოების, დისტრიბუციის... თარიღი |
2021. |
| 300 ## - ფიზიკური აღწერა |
| Extent |
596 გვ. ; |
| Other physical details |
20,5 სმ |
| 504 ## - BIBLIOGRAPHY, ETC. NOTE |
| Bibliography, etc |
ბიბლიოგრაფია: გვ. 592-593. |
| 653 ## - INDEX TERM--UNCONTROLLED |
| Uncontrolled term |
სამედიცინო ტერმინთა განმარტებითი ლექსიკონი. |
| 653 ## - INDEX TERM--UNCONTROLLED |
| Uncontrolled term |
მედიცინა -- ლექსიკონები. |
| 700 ## - ADDED ENTRY--PERSONAL NAME |
| Personal name |
გოგიჩაძე, თინათინ, |
| Relator term |
ავტორი. |
| 9 (RLIN) |
22799 |
| 700 ## - ADDED ENTRY--PERSONAL NAME |
| Personal name |
მისაბიშვილი, ეკატერინე |
| Relator term |
ავტორი. |
| 9 (RLIN) |
22800 |
| 700 ## - ADDED ENTRY--PERSONAL NAME |
| Personal name |
მჭედლიშვილი, ეკატერინე |
| Relator term |
ავტორი. |
| 9 (RLIN) |
22801 |
| 700 ## - ADDED ENTRY--PERSONAL NAME |
| Personal name |
გოგიჩაძე, გიორგი |
| Relator term |
ავტორი. |
| 9 (RLIN) |
6276 |
| 700 ## - ADDED ENTRY--PERSONAL NAME |
| Personal name |
ჭიჭინაძე, ნოდარ |
| Relator term |
რედაქტორი |
| 9 (RLIN) |
6296 |
| 942 ## - ADDED ENTRY ELEMENTS (KOHA) |
| Source of classification or shelving scheme |
|
| Koha item type |
წიგნი |